[Event "United States Championship 2003"]
[Site "SEATTLE USA"]
[Date "2003.01.17"]
[Round "8"]
[White "Epstein,E"]
[Black "Esserman,M"]
[Result "1/2-1/2"]
[WhiteTitle "WIM"]
[WhiteElo "2200"]
[WhiteCountry "USA"]
[BlackElo "2282"]
[BlackCountry "USA"]

1. e4 e5 2. Nf3 Nc6 3. d4 exd4 4. Nxd4 Nf6 5. Nxc6 bxc6 6. e5 Qe7 7. Qe2 Nd5
8. h4 Rb8 9. c4 Qb4+ 10. Nd2 Nf4 11. Qe4 Ne6 12. Be2 d5 13. exd6ep Bxd6 14.
Qxc6+ Bd7 15. Qe4 O-O 16. O-O Nf4 17. Bd3 f5 18. Qf3 Bc8 19. c5 Qxc5 20. Nb3
Qe5 21. Bxf4 Qxf4 22. Qxf4 Bxf4 23. Bc4+ Kh8 24. Rfe1 Bd6 25. Re2 f4 26. Nd4
Bg4 27. Nf3 Bxf3 28. gxf3 Rbe8 29. Rae1 Rxe2 30. Rxe2 g6 31. Kh2 Kg7 32. Kh3
Rb8 33. h5 gxh5 34. Kh4 Rf8 35. Kxh5 Rf5+ 36. Kg4 Rc5 37. b3 h6 38. Re8 Rg5+
39. Kh3 Rh5+ 40. Kg2 Rg5+ 41. Kh3 Rh5+ 42. Kg2 Bc5 43. Re4 Rf5 44. Re6 Rg5+
45. Kf1 h5 46. Re4 Rf5 47. a4 h4 48. Kg2 Rg5+ 49. Kh3 1/2-1/2

[Event "United States Championship 2003"]
[Site "SEATTLE USA"]
[Date "2003.01.18"]
[Round "9"]
[White "Burnett,R"]
[Black "Christiansen,L"]
[Result "1/2-1/2"]
[WhiteTitle "IM"]
[WhiteElo "2436"]
[WhiteCountry "USA"]
[BlackTitle "GM"]
[BlackElo "2566"]
[BlackCountry "USA"]

1. e4 c5 2. Nf3 d6 3. Bb5+ Nd7 4. d4 Nf6 5. Nc3 a6 6. Bxd7+ Nxd7 7. a4 e6 8.
Bg5 f6 9. Be3 Qc7 10. d5 e5 11. Nd2 Be7 12. a5 O-O 13. O-O b5 14. axb6ep
Nxb6 15. f4 exf4 16. Bxf4 Bb7 17. Na4 Nd7 18. Nc4 Rae8 19. Qg4 f5 20. Qg3
Rf6 21. exf5 Bxd5 22. Ne3 Bc6 23. Nc3 Qb7 24. Ng4 d5 25. Rae1 d4 26. Nd1
Rff8 27. Rxe7 Rxe7 28. Bd6 Nf6 29. Bxe7 Qxe7 30. Re1 Qd7 31. Ne5 Qd5 32.
Nxc6 Qxc6 33. b3 Re8 34. Re5 h6 35. Nb2 Ne4 36. Qf4 Nc3 37. Kf2 Nd5 38. Qe4
Rxe5 39. Qxe5 Ne3 40. Qe6+ Qxe6 41. fxe6 Kf8 42. Na4 c4 43. bxc4 Nxc2 44.
Kf3 d3 45. Nc5 a5 46. Nxd3 Ke7 47. Nc5 Nd4+ 48. Ke4 Nxe6 49. Na4 Kd6 50. Kf5
Nf8 51. h4 Kc6 52. g3 Kd6 53. g4 Kc6 54. g5 1/2-1/2